Double take / (Record no. 2256)

MARC details
000 -LEADER
fixed length control field 01146cam a2200337 a 4500
005 - DATE AND TIME OF LATEST TRANSACTION
control field 20231114082802.0
020 ## - INTERNATIONAL STANDARD BOOK NUMBER
International Standard Book Number 9781416978121
020 ## - INTERNATIONAL STANDARD BOOK NUMBER
International Standard Book Number 9780545284431
020 ## - INTERNATIONAL STANDARD BOOK NUMBER
International Standard Book Number 9781416995814
040 ## - CATALOGING SOURCE
Original cataloging agency DLC
Transcribing agency DLC
Modifying agency DLC
Language of cataloging eng
050 00 - LIBRARY OF CONGRESS CALL NUMBER
Classification number PZ7.K23
Item number Do 2009
082 00 - DEWEY DECIMAL CLASSIFICATION NUMBER
Classification number 437
Edition number 22
100 1# - MAIN ENTRY--PERSONAL NAME
Personal name Keene, Carolyn
245 10 - TITLE STATEMENT
Title Double take /
Statement of responsibility, etc. by Carolyn Keene ; illustrated by Macky Pamintuan
250 ## - EDITION STATEMENT
Edition statement First Scholastic printing, September 2010
260 ## - PUBLICATION, DISTRIBUTION, ETC.
Place of publication, distribution, etc. New York :
Name of publisher, distributor, etc. Scholastic,
Date of publication, distribution, etc. 2009
300 ## - PHYSICAL DESCRIPTION
Extent 89 pages. :
Other physical details illustrations
Dimensions 19 cm
490 0# - SERIES STATEMENT
Series statement Nancy Drew and the Clue Crew ;
Volume/sequential designation #21
505 ## - FORMATTED CONTENTS NOTE
Formatted contents note K
520 ## - SUMMARY, ETC.
Summary, etc. When another club tries to compete with the Clue Crew, Nancy and her investigator friends must beat them in solving the case of a missing pink hooded sweatshirt.
521 0# - TARGET AUDIENCE NOTE
Target audience note 560
Source Lexile
521 0# - TARGET AUDIENCE NOTE
Target audience note K
Source Raz-plus
650 #1 - SUBJECT ADDED ENTRY--TOPICAL TERM
Topical term or geographic name entry element Mystery and detective stories.
650 #1 - SUBJECT ADDED ENTRY--TOPICAL TERM
Topical term or geographic name entry element Clubs
Form subdivision Fiction.
650 #1 - SUBJECT ADDED ENTRY--TOPICAL TERM
Topical term or geographic name entry element Clothing and dress
Form subdivision Fiction.
650 #1 - SUBJECT ADDED ENTRY--TOPICAL TERM
Topical term or geographic name entry element Schools
Form subdivision Fiction.
700 1# - ADDED ENTRY--PERSONAL NAME
Personal name Pamintuan, Macky,
Relator term illustrations
906 ## - LOCAL DATA ELEMENT F, LDF (RLIN)
a 7
b cbc
c orignew
d 1
e ecip
f 20
g y-gencatlg
942 ## - ADDED ENTRY ELEMENTS (KOHA)
Source of classification or shelving scheme Dewey Decimal Classification
Koha item type Books
Suppress in OPAC No
999 ## -
-- 2256
-- 2256
Holdings
Withdrawn status Lost status Source of classification or shelving scheme Damaged status Not for loan Collection Home library Current library Shelving location Date acquired Total Checkouts Full call number Barcode Date last seen Price effective from Koha item type
    Dewey Decimal Classification     Juvenile Fiction Footprints International School Library Network Toul Kork Campus Footprints International School Library Network Toul Kork Campus TK Primary Library Room(4th Floor), Bookcase 3&4, Shelves 17-32, Yellow Books 11/14/2023   KEE 437 PZ7.K23 FISTK00368 11/14/2023 11/14/2023 Books